Dispositivos electrónicos y circuitos
| Main Author: | |
|---|---|
| Format: | Section = Libro |
| Language: | Undetermined Spanish |
| Published: |
México
McGraw-Hill
1991
|
| Subjects: |
| LEADER | 00492nam a2200193Ia 4500 | ||
|---|---|---|---|
| 008 | 240829s9999 xx 000 0 und d | ||
| 020 | |a 968-422-243-2 | ||
| 040 | |a BIBLIOTECA-RUSB/ 621.38152 C363 | ||
| 041 | |a spa | ||
| 082 | |a 621.38152 C363 | ||
| 100 | 1 | |a Cathey, Jimmie | |
| 245 | 1 | 0 | |a Dispositivos electrónicos y circuitos |
| 260 | |a México |b McGraw-Hill |c 1991 | ||
| 300 | |a 353 p. :il. | ||
| 650 | 7 | |a DISPOSITIVOS | |
| 650 | 7 | |b ELECTRONICA | |
| 942 | |c BK |2 ddc | ||
| 991 | |a TEXTO | ||
| 999 | |c 3420 | ||